Visualizzazione normale
Vista MARC
- De Blasio, Silvano
di Personal Name
Records bibliografici associati: 1
001 - CONTROL NUMBER
- control field: 103
003 - CONTROL NUMBER IDENTIFIER
- control field: IT-RoPau
005 - DATE AND TIME OF LATEST TRANSACTION
- control field: 20121221110035.0
008 - FIXED-LENGTH DATA ELEMENTS
- fixed length control field: 121221|| aca||aabn | a|a d
040 ## - CATALOGING SOURCE
- Original cataloging agency: IT-RoPau
- Transcribing agency: IT-RoPau
100 ## - HEADING--PERSONAL NAME
- Personal name: De Blasio, Silvano
- Titles and other words associated with a name: ssp
670 ## - SOURCE DATA FOUND
- Source citation: Work cat.: (IT-RoPau)17115: De Blasio, Silvano ssp, Nel ricordo di Sr. Maria Giuditta Benzo, 1972